00894 2200313 4500001002100000005001500021035002000036007000300056040001200059100003700071245006000108250001000168300003600178504003000214020001800244041000800262082001100270084001700281090001700298264004400315336002100359337003000380338002300410650003700433700003700470850001000507008004100517990002200558INLIS00000000001349420260414092339 a0010-0825000053ta aSBPUPAD0 aMarsillam SimanjuntakePengarang1 aPandangan Negara Integralistik /cMarsillam Simanjuntak aCet.1 axvi, 284 hlm :bilus., ;c21 cm aBibliografi : hlm 259-269 a979-444-307-7 aInd a320.01 a320.01 MAR p a320.01 MAR p aJakarta :bPustaka Utama Grafiti,c1997 2rdacontentaTeks 2rdamediaatanpa perantara 2rdacarrieravolume 4aFilsafat dan Teori Ilmu Politik aeditor : Budi MurdonoePengarang aPUPAD260414 0  a39.269/S/DPK/2025